Los derechos humanos y el poder mediático, político y económico : su mundialización en el siglo XXI /

Guardado en:
Autor Principal: Fayt, Carlos S.
Formato: Libro
Idioma:Spanish
Publicado: Buenos Aires : La Ley, 2001
Edición:1a. ed.
Materias:
Etiquetas: Agregar Etiqueta
Sin Etiquetas, Sea el primero en etiquetar este registro!
LEADER 00515nam a22001575a 4500
001 DER.der012158
008 180615s2001####ag#||||||||||||||#||spa||
005 20250306095853.0
245 1 0 |a Los derechos humanos y el poder mediático, político y económico :  |b su mundialización en el siglo XXI /  |c Carlos S. Fayt. 
250 |a 1a. ed. 
260 |a Buenos Aires :  |b La Ley,  |c 2001 
300 |a 538 p. 
020 |a 9505276036 
100 1 |a Fayt, Carlos S. 
650 7 |a DERECHOS HUMANOS 
859 |a DERECHO  |b BIB. DERECHO  |h 323  |i FAY  |p 007123